Statistics for Countries with Pervasive Internet Censorship

Click here to take the quiz!

General Stats

  • This quiz has been taken 87 times
  • The average score is 13 of 19

Answer Stats

SinceCountry% Correct
2008China
96%
2006Iran
91%
2006North Korea
90%
2014Russia
85%
2006Saudi Arabia
84%
2006Syria
79%
2014Pakistan
75%
2014India
74%
2014United Kingdom
69%
2014United States
69%
2006Vietnam
69%
2014United Arab Emirates
68%
2012Bahrain
60%
2006Cuba
57%
2012Belarus
49%
2014Sudan
49%
2006Turkmenistan
41%
2006Uzbekistan
38%
2014Ethiopia
31%

Score Distribution

Percentile by Number Answered

Percent of People with Each Score

Your Score History

You have not taken this quiz